| 000 | 03185cam a22003734a 4500 | ||
|---|---|---|---|
| 001 | 12540079 | ||
| 003 | NUST-PNEC | ||
| 005 | 20170116180706.0 | ||
| 008 | 010920s2002 flua bf 001 0 eng | ||
| 010 | _a 2001043885 | ||
| 020 | _a0849383544 | ||
| 040 |
_aDLC _cPNEC |
||
| 042 | _apcc | ||
| 050 | 0 | 0 |
_aTK7870 _b.E212 2002 |
| 082 | 0 | 0 |
_a621.381'0288 WHI _221 |
| 100 |
_9352 _aWhitaker, Jerry C. |
||
| 245 | 0 | 0 |
_aElectronic systems maintenance handbook / _cedited by Jerry C. Whitaker. |
| 250 | _a2nd ed. | ||
| 260 |
_aBoca Raton : _bCRC Press, _cc2002. |
||
| 300 |
_a1 v. (various pagings) : _bill. ; _c27 cm. |
||
| 440 | 0 | _aElectronics handbook series | |
| 500 | _aIncludes Index http://www.amazon.com/Electronic-Systems-Maintenance-Handbook-Electronics/dp/0849383544/ref=sr_1_1?s=books&ie=UTF8&qid=1411551076&sr=1-1&keywords=0849383544 | ||
| 504 | _aIncludes bibliographical references and index. | ||
| 505 | 8 | _aMachine generated contents note: 1 Probability and Statistics -- Allan White and Hagbae Kim 2 Electronic Hardware Reliability -- Michael Pecht and luliana Bordelon 3 Software Reliability -- Carol Smidts 4 Thermal Properties -- David F. Besch 5 Heat Management -- Zbigniew Staszak 6 Shielding and EMI Considerations -- Don White 7 Resistors and Resistive Materials -- Jerry C. Whitaker 8 Capacitance and Capacitors-- Jerry C. Whitaker 9 Inductors and Magnetic Properties -- Jerry C. Whitaker 10 Printed Wiring Boards-- Ravindranath Kollipara and Vijai Tripathi --11 Hybrid Microelectronics Technology -- Jerry E. Sergent 12 Surface Mount Technology-- Glenn R. Blackwell 13 Semiconductor Failure Modes-- Jerry C. Whitaker 14 Power System Protection Alternatives -- Jerry C. Whitaker 15 Facility Grounding -- Jerry C. Whitaker 16 Network Switching Concepts -- Tsong-Ho Wu 17 Network Communication-- James E. Goldman 18 Data Acquisition -- Edward McConnell and Dave Jernigan 19 Computer-Based Circuit Simulation -- BashirAl-Hashimi 20 Audio Frequency Distortion Mechanisms and Analysis-- Jerry C. Whitaker 21 Video Display Distortion Mechanisms and Analysis-- Jerry C. Whitaker 22 Radio Frequency Distortion Mechanisms and Analysis-- Samuel 0. Agbo 23 Digital Test Equipment and Measurement Systems-- Jerry C. Whitaker -- 24 Fourier Waveform Analysis -- Jerry C. Hamann and John W. Pierre 25 Computer-Based Signal Analysis -- Rodger E. Ziemer 26 Systems Engineering Concepts-- Gene DeSantis 27 Disaster Planning and Recovery -- Richard Rudman 28 Safety and Protection Systems -- Jerry C. Whitaker 29 Conversion Tables. | |
| 650 | 0 |
_aElectronic systems _xEL, EE _vHandbooks, manuals, etc. |
|
| 650 | 0 |
_aElectronic systems _xReliability _vHandbooks, manuals, etc. |
|
| 700 | 1 | _aWhitaker, Jerry C. | |
| 730 | 0 | _aMaintaining electronic systems. | |
| 856 | 4 | 1 |
_3Table of contents only _uhttp://www.loc.gov/catdir/toc/fy031/2001043885.html |
| 856 | 4 | 2 |
_3Publisher description _uhttp://www.loc.gov/catdir/enhancements/fy0646/2001043885-d.html |
| 906 |
_a7 _bcbc _corignew _d1 _eocip _f20 _gy-gencatlg |
||
| 942 |
_2ddc _cBK |
||
| 999 |
_c60735 _d60735 |
||